| 000 | 00571nam a2200169 a 4500 | ||
|---|---|---|---|
| 001 | 000037753 | ||
| 005 | 20201002031117.0 | ||
| 008 | 130305s2012 dr a 000 0 spa d | ||
| 020 | _a9789945164831 | ||
| 040 |
_aDO-SdBNP _bspa _cBNPHU |
||
| 100 | 1 |
_aForestieri S. Rolando _956547 |
|
| 245 | 1 | 0 |
_aTres momentos estelares de la historia de Italia / _cForestieri S. Rolando. |
| 260 |
_aSanto Domingo : _bBúho, _c2012. |
||
| 300 |
_a95 p. : _bils. ; _c23 cm. |
||
| 500 | _aIncluye datos biográficos del autor en la solapa de la cubierta | ||
| 504 | _aBibliografía : p. 93-95 | ||
| 999 |
_c37243 _d37243 |
||